000 01175nam a22003137a 4500
005 20110119145311.0
008 110119t xxu||||| |||| 00| 0 eng d
010 _aENG-101912
020 _a9780071070584
_c795.00
020 _a0071070583
_c795.00
035 _aEN-85445
037 _bDBAD / PUB
040 _adpl
_bEng
082 _a004
100 _aHolcombe, Jane
_925381
245 _aComp TIA A+ certification study guide (exams 220-701 & 220-702) /
_cby Jane Holcombe [and] charles Holcombe
250 _a7th ed
260 _aNew Delhi
_bTata McGraw-Hill
_c2010
270 _a7 West Patel Nagar
_bNew Delhi
_e110008
300 _axIiii,931p. :
_bill.
_c24 cm (pbk)
500 _aIncludes index
650 _925383
_aElectronic data processing personnel
_xCertification.
650 _aComputers
_xExaminations
_xStudy guides.
_925391
650 _aComputing Technology Industry Association
_xExaminations
_xStudy guides.
_925392
700 _aHolcombe,Charles
_925388
700 _925389
942 _adpl
_cEN
_2ddc
_h004
_mHOL
999 _c49959
_d49959